000 01207nam a22003497a 4500
003 CHAP
005 20220329140138.0
008 971013s1985 r 00010 d
010 _a47630
011 _a48602
035 _a52748
040 _cCHAP
090 _aTesis
100 0 0 _aVargas Hernández, J. Jesús.
_9118023
245 _aRespuesta a la sequía de cuatro especies de Pinus en estado de plántula
260 _aChapingo, Méx. :
_bEl autor,
_c1985
300 _a98 h.
_b; gráfs.
502 _aTesis (M.C. Esp. en Programa Forestal) -- CP. Centro de Genética
590 _aALEPH
_b10
_c20130110
_lUCH01
_h1317
590 _aBATCH-UPD
_b10
_c20130110
_lUCH01
_h0036
590 _aBATCH-UPD
_b10
_c20130110
_lUCH01
_h2319
590 _aBATCH-UPD
_b10
_c20130409
_lUCH01
_h2019
590 _aBATCH-UPD
_b10
_c20130410
_lUCH01
_h1609
590 _aBATCH-UPD
_b10
_c20130914
_lUCH01
_h1913
590 _aCONVERSION
_b10
_c20130109
_lUCH01
_h1326
650 1 4 _aPináceas
_xEfecto de las sequías.
_988228
650 1 4 _aPináceas
_xPlántulas.
_988258
901 _aBK
942 _cFOLL
949 _bBC
_cTES
_d-117314
_eTS1
_h17568
_i52748
_si
949 _bBC
_cTES
_d33724000695466
_eTS2
_fc.2
_h17539
_i52748
_si
999 _c47630
_d47630